Ремонт вагонов на конвейере : (Record no. 529946)
[ view plain ]
| 000 -LEADER | |
|---|---|
| fixed length control field | 01012nam a2200229 a 4500 |
| 003 - CONTROL NUMBER IDENTIFIER | |
| control field | AM-YEHGA |
| 005 - DATE AND TIME OF LATEST TRANSACTION | |
| control field | 20250617164819.0 |
| 008 - FIXED-LENGTH DATA ELEMENTS--GENERAL INFORMATION | |
| fixed length control field | 210331s1962 ru d|||fr|||||000|0|rus|| |
| 040 ## - CATALOGING SOURCE | |
| Original cataloging agency | AM-YeHGA |
| 041 0# - LANGUAGE CODE | |
| Language code of text/sound track or separate title | rus |
| 001 - CONTROL NUMBER | |
| control field | 1764352 |
| 090 ## - LOCALLY ASSIGNED LC-TYPE CALL NUMBER (OCLC); LOCAL CALL NUMBER (RLIN) | |
| -- | 568433 |
| 100 1# - MAIN ENTRY--PERSONAL NAME | |
| Personal name | Чернышев, Павел Николаевич |
| 245 10 - TITLE STATEMENT | |
| Title | Ремонт вагонов на конвейере : |
| Remainder of title | Опыт Канашского, Дарницкого, Борисоглебского и Нижнеднепровского вагоноремонтных заводов / |
| Statement of responsibility, etc. | П.Н. Чернышев, А.К. Сорока, П.Н. Наливайко. |
| 260 ## - PUBLICATION, DISTRIBUTION, ETC. | |
| Place of publication, distribution, etc. | Москва : |
| Name of publisher, distributor, etc. | Трансжелдориздат, |
| Date of publication, distribution, etc. | 1962. |
| 300 ## - PHYSICAL DESCRIPTION | |
| Extent | 156 с. : |
| Other physical details | черт. ; |
| Dimensions | 22 см. |
| 650 14 - SUBJECT ADDED ENTRY--TOPICAL TERM | |
| Topical term or geographic name entry element | Вагоноремонт |
| 650 14 - SUBJECT ADDED ENTRY--TOPICAL TERM | |
| Topical term or geographic name entry element | Депо |
| General subdivision | Организация работ |
| 700 1# - ADDED ENTRY--PERSONAL NAME | |
| Personal name | Сорока, Арсентий Кириллович |
| 700 1# - ADDED ENTRY--PERSONAL NAME | |
| Personal name | Наливайко, Петр Николаевич |
| 942 ## - ADDED ENTRY ELEMENTS (KOHA) | |
| Source of classification or shelving scheme | Universal Decimal Classification |
| Koha item type | Գրքեր / Books |
| Withdrawn status | Lost status | Source of classification or shelving scheme | Damaged status | Not for loan | Collection | Home library | Current library | Date acquired | Total checkouts | Full call number | Barcode | Date last seen | Price effective from | Koha item type | Public note |
|---|---|---|---|---|---|---|---|---|---|---|---|---|---|---|---|
| Universal Decimal Classification | General | Fundamental Scientific Library | Fundamental Scientific Library | 05/04/2022 | РII/73018 | FL0676262 | 05/04/2024 | 05/04/2022 | Գրքեր / Books | 30 Days Loan |
ՀՀ Գիտությունների ազգային ակադեմիայի հիմնարար գիտական գրադարան = Fundamental Scientific Library of NAS RA
All site content, except where otherwise noted, is licensed under a